000 00446nam a2200193Ia 4500
003 OSt
005 20260107160601.0
008 210210b1996 xxu||||| |||| 00| 0 eng d
040 _cAL
041 _aeng
082 _a823.914 TULH
100 _aMark Tully
_9250640
245 _aHeart of India
260 _aNew York
_bPenguin Books
_c1996
300 _axii,240p
690 _aEnglish Fiction
_9250641
906 _a054595
942 _2ddc
_cBK
999 _c102395
_d102395